Statistiken für Klicke richtig - Buchstabenquiz

Klicken Sie hier um das Quiz zu spielen!

Allgemein

  • Dieses Quiz wurde 912 mal gespielt
  • Das Durchschnittsergebnis liegt bei 21 aus 35

Antwortstatistiken

HintAntwort% Korrekt
Klicke AA
98%
Klicke BB
97%
Gib nochmals die erste Antwort des QuizesA
92%
Klicke DD
91%
Klicke auf einen VokalA
90%
Klicke CC
89%
Klicke nicht auf A, B, und CD
88%
Klicke auf den zweiten Buchstaben des AlphabetsB
87%
Klicke nicht auf A, B und DC
86%
Klicke auf den Buchstaben, der nach C kommtD
86%
Gib nochmals die erste Antwort des QuizesA
85%
Klicke nicht auf A, C und DB
85%
Klicke auf BB
82%
Noch einmalB
80%
Klicke auf den selben Buchstaben wie zuvorD
80%
Klicke auf den selben Buchstaben wie zuvorB
79%
Klicke auf den Buchstaben, der vor D kommtC
79%
Klicke nicht auf A,B und CD
78%
Klicke auf den letzten Buchstaben im Wort "wartend"D
69%
Klicke auf CC
67%
Klicke auf den selben Buchstaben wie zuvorD
66%
Gib mir die zweite Antwort des QuizesB
65%
Klicke auf den Buchstaben, der nach der letzten Antwort kommtD
59%
Klicke auf den Buchstaben zwischen D und BC
57%
Klicke nicht auf A, C und DB
43%
Klicke auf AA
39%
Klicke auf den Buchstaben der vor der letzten Antwort kommtB
25%
Klicke nicht auf A,B oder DC
22%
Klicke auf den Buchstaben der in "Facharbeiter" nicht vorkommtD
20%
Gib nochmals die erste Antwort des QuizesA
18%
Klicke auf den ersten Buchstaben im AlphabetA
14%
Dann auf den übernächsten BuchstabenC
10%
Dann auf den Buchstaben davorB
9%
Klicke auf den Buchstaben zwischen C und AB
6%
Und zum Schluss klicke nochmal auf DD
4%

Verteilung der Resultate

Perzentil nach korrekt beantworteten Fragen

Anzahl Personen mit jedem Resultat

Ihre Resultats-Entwicklung

Sie haben dieses Quiz noch nicht gespielt